10 World landmarks - Statistics

General Stats
  • This quiz has been taken 117 times
  • The average score is 7 of 10
Answer Stats
Hint Answer % Correct
Ancient stone circle in Wiltshere, UK Stonehenge
91%
White mausoleum in Agra, India Taj Mahal
90%
Skyscraper in New York completed in 1931 Empire State Building
87%
Statue overlooking Rio de Janeiro Christ the Redeemer
82%
Amphitheater in Rome Colosseum
75%
Encient Egyptian tombs for the Pharaos, located just outside of Cairo Pyramids
71%
Historic complex in Moscow where the President of Russia lives The Kremlin
67%
Ancient Greek structure in Athens Acropolis
65%
Unfinished cathedral in Barcelona Sagrada Familia
54%
Mountain overlooking Cape Town Table Mountain
44%
No matching quizzes found
Score Distribution
Percent of People with Each Score
Percentile by Number Answered
Your Score History
You have not taken this quiz